000 00396nam a2200169Ia 4500
005 20250423101152.0
008 250422s9999 xx 000 0 und d
020 _a9789785157864
050 _aH 83 .B37/
245 4 _aThe basics of social sciences
260 _aLagos
260 _bMalthouse Press Limited
260 _c2012
300 _a614 p
650 _asocial sciences
942 _cBK
999 _c35498
_d35498